Marte e Venús apaixonados (Registo nº 12132)
[ vista simples ]
| 000 -Etiqueta do registo | |
|---|---|
| Valores | 00683nam a22001811i 4500 |
| 090 ## - | |
| -- | 12132 |
| 010 ## - Número ISBN | |
| ISBN | 9789727591268 |
| 100 ## - Dados gerais de processamento | |
| Dados gerais | 20170304u u u0frey50 ba |
| 101 0# - Língua de publicação | |
| -- | por |
| 200 1# - Titulo e menção de responsabilidade | |
| Primeira menção de responsabilidade | John Gray |
| Título próprio | Marte e Venús apaixonados |
| Informação de outro título | como alcançar e manter o equilíbrio nas relações amorosas |
| 215 ## - Descrição física | |
| Paginação / Volumes | 156, [4] p. |
| Dimensões | 21 cm |
| 210 ## - Publicação | |
| Nome do editor | Rocco - Temas e Debates |
| Local de publicação | Lisboa |
| Data de publicação | 2002 |
| 702 #1 - Autor secundário (pessoa individual) | |
| Apelido | Lopes |
| Nome | Ana Paula |
| -- | 730 |
| 700 #1 - Autor principal (pessoa individual) | |
| Apelido | Gray |
| Nome | John |
| -- | 070 |
| Datas | 1913- |
| 996 ## - ISO2709 | |
| -- | 0013517 |
| -- | GRA |
| -- | 00000000 |
| -- | 00000000 |
| -- | BMVA |
| -- | 1 |
| -- | Viana do Alentejo |
| -- | Psicologia |
| -- | 25 |
| -- | Livro |
| -- | 0 |
| -- | 1 |
| 996 ## - ISO2709 | |
| -- | 0027924 |
| -- | GRA |
| -- | 00000000 |
| -- | 00000000 |
| -- | BMVAAL |
| -- | 3 |
| -- | Alcáçovas |
| -- | Psicologia |
| -- | 25 |
| -- | Livro |
| -- | 0 |
| -- | 1 |
| 990 ## - Elementos KOHA | |
| Tipo de documento | Livro |
| Situação do levantamento | Estado | Biblioteca de origem | Biblioteca de empréstimo | Código de barras | Cota | Permissão de empréstimo | Tipo de documento |
|---|---|---|---|---|---|---|---|
| Completo | Biblioteca Municipal de Viana Do Alentejo | Biblioteca Municipal de Viana Do Alentejo | 0017566 | 159.9 GRA | Disponível | Livro | |
| Completo | Biblioteca Municipal de Viana Do Alentejo | Biblioteca Municipal de Viana Do Alentejo Pólo Alcáçovas | 0003139AL | 159.9 GRA | Disponível | Livro |